000 00700nam a2200241Ia 4500
003 OSt
005 20220925175653.0
006 a|||||r|||| 00| 0
007 ta
008 220923b |||||||| |||| 00| 0 eng d
037 _cGeneral Book
040 _aRTL
_cRTL
_beng
041 _2eng
_aeng
082 _aW:5, N2
100 _aScherer Klaus R Ed.
_969067
245 0 _aJustice
_b Interdisciplinary perspectives
260 _aCambridge
_bCambridge University Press
_c1992
300 _axii,302p
_ccm.
490 _aEuropean Science Foundation Publication
650 _aFundamental Rights
942 _hW:5, N2
_cGB
_2CC
999 _c494204
_d494204